| 000 | 00609nam a22001697a 4500 | ||
|---|---|---|---|
| 999 |
_c18622 _d18622 |
||
| 008 | 231214b ||||| |||| 00| 0 eng d | ||
| 020 | _a9781788794732 | ||
| 082 |
_22022 _aDC 641.5 _bG761 |
||
| 100 |
_aGraimes, Nicola. _950494 |
||
| 245 |
_aHealthy vegetarian & vegan slow cooker : _bover 60 recipes for nutritious, home-cooked meals from your slow cooker / _cNicola Graimes. |
||
| 260 |
_aNew York : _bRyland peters & small, _c©2022. |
||
| 300 |
_a144 pages : _bcolor illustrations ; _c24 cm. |
||
| 500 | _aIncludes index. | ||
| 650 |
_aCooking, _950558 |
||
| 650 |
_aVegan cooking. _950559 |
||
| 942 |
_2ddc _cDC |
||